UBT Library

Migjeni Free Verse (Record no. 60840)

000 -LEADER
fixed length control field 00275nam a22001217a 4500
008 - FIXED-LENGTH DATA ELEMENTS--GENERAL INFORMATION
fixed length control field 260223b ||||| |||| 00| 0 eng d
041 ## - LANGUAGE CODE
Language code of text/sound track or separate title eng
080 ## - UNIVERSAL DECIMAL CLASSIFICATION NUMBER
Universal Decimal Classification number 2.1
100 ## - Rafti
Rafti 20.1
101 ## - Shkurtesa
Shkurtesa Poezi
245 ## - TITLE STATEMENT
Title Migjeni Free Verse
Statement of responsibility, etc Millosh Gjergj Nikolla
942 ## - ADDED ENTRY ELEMENTS (KOHA)
Source of classification or shelving scheme
Item type Books
Holdings
Withdrawn status Lost status Source of classification or shelving scheme Damaged status Not for loan Collection code Permanent location Current location Date acquired Total Checkouts Barcode Date last seen Price effective from Koha item type
          Koleksioni i përgjithshem UBT - Lipjan UBT - Lipjan 02/23/2026   002-800070999558 02/23/2026 02/23/2026 Books
          Koleksioni i përgjithshem UBT - Lipjan UBT - Lipjan 02/23/2026   002-800070999559 02/23/2026 02/23/2026 Books
          Koleksioni i përgjithshem UBT - Lipjan UBT - Lipjan 02/23/2026   002-800070999560 02/23/2026 02/23/2026 Books
          Koleksioni i përgjithshem UBT - Lipjan UBT - Lipjan 02/23/2026   002-800070999561 02/23/2026 02/23/2026 Books
          Koleksioni i përgjithshem UBT - Lipjan UBT - Lipjan 02/23/2026   002-800070999562 02/23/2026 02/23/2026 Books
          Koleksioni i përgjithshem UBT - Lipjan UBT - Lipjan 02/23/2026   002-800070999563 02/23/2026 02/23/2026 Books
          Koleksioni i përgjithshem UBT - Lipjan UBT - Lipjan 02/23/2026   002-800070999564 02/23/2026 02/23/2026 Books
          Koleksioni i përgjithshem UBT - Lipjan UBT - Lipjan 02/23/2026   002-800070999565 02/23/2026 02/23/2026 Books
          Koleksioni i përgjithshem UBT - Lipjan UBT - Lipjan 02/23/2026   002-800070999566 02/23/2026 02/23/2026 Books
          Koleksioni i përgjithshem UBT - Lipjan UBT - Lipjan 02/23/2026   002-800070999567 02/23/2026 02/23/2026 Books
          Koleksioni i përgjithshem UBT - Lipjan UBT - Lipjan 02/23/2026   002-800070999621 02/23/2026 02/23/2026 Books
          Koleksioni i përgjithshem UBT - Lipjan UBT - Lipjan 02/23/2026   002-800070999622 02/23/2026 02/23/2026 Books
          Koleksioni i përgjithshem UBT - Lipjan UBT - Lipjan 02/23/2026   002-800070999623 02/23/2026 02/23/2026 Books
          Koleksioni i përgjithshem UBT - Lipjan UBT - Lipjan 03/06/2026   003-80007099929 03/06/2026 03/06/2026 Books
          Koleksioni i përgjithshem UBT - Lipjan UBT - Lipjan 03/06/2026   003-80007099930 03/06/2026 03/06/2026 Books
          Koleksioni i përgjithshem UBT - Lipjan UBT - Lipjan 03/09/2026   003-80007099946 03/09/2026 03/09/2026 Books
          Koleksioni i përgjithshem UBT - Lipjan UBT - Lipjan 03/09/2026   003-80007099947 03/09/2026 03/09/2026 Books
          Koleksioni i përgjithshem UBT - Lipjan UBT - Lipjan 03/09/2026   003-80007099948 03/09/2026 03/09/2026 Books
          Koleksioni i përgjithshem UBT - Lipjan UBT - Lipjan 03/09/2026   003-80007099949 03/09/2026 03/09/2026 Books
          Koleksioni i përgjithshem UBT - Lipjan UBT - Lipjan 03/09/2026   003-80007099950 03/09/2026 03/09/2026 Books
          Koleksioni i përgjithshem UBT - Lipjan UBT - Lipjan 03/09/2026   003-80007099951 03/09/2026 03/09/2026 Books
          Koleksioni i përgjithshem UBT - Lipjan UBT - Lipjan 03/09/2026   003-80007099952 03/09/2026 03/09/2026 Books
          Koleksioni i përgjithshem UBT - Lipjan UBT - Lipjan 03/09/2026   003-80007099953 03/09/2026 03/09/2026 Books
UBT Library © 2015-2024. All rights reserved University Education for Business and Technology